Estadísticas para TODAS LAS CANCIONES INTERPRETADAS POR AITANA (Incluye OT)

Haz click aquí para intentar la prueba.

Estadísticas generales

  • Esta prueba ha sido intentada 187 veces
  • La puntuación promedio es 33 de 76

Estadísticas de respuestas

PistaRespuesta% Correcto
Gala OT FiestaLo Malo
87%
Gala EurovisiónLo Malo
87%
Gala FinalBang Bang
83%
Gala 0Bang Bang
83%
Spoiler (Trailer - Sencillo)Teléfono
83%
11 RAZONES (Sencillo)11 RAZONES
78%
11 RAZONES (Colaboración)+ (Más)
77%
Gala EurovisiónArde
76%
11 RAZONES (Colaboración)- (Menos)
76%
Gala 1No puedo vivir sin tí
74%
Gala OT FiestaNo puedo vivir sin tí
74%
Spoiler (Tailer - Sencillo)Vas a Quedarte
74%
Gala FinalChandelier
68%
Gala 3Issues
68%
Gala OT FiestaIssues
68%
Gala 4Con las ganas
64%
Spoiler (Trailer)Popcorn
64%
Gala 11Procuro olvidarte
61%
Gala 9Chas! y aparezco a tu lado
59%
Spoiler (Sencillo)Con La Miel En Los Labios
59%
Gala 5Bajo el mismo sol
57%
11 RAZONES= (Igual)
57%
Gala OT FiestaCamina
54%
Gala NavidadCamina
54%
Gala EurovisiónCamina
54%
Spoiler (Sencillo)Me Quedo
53%
Colaboración (Mejor amigo)Tu Foto Del DNI
51%
Gala 7New Rules
50%
11 RAZONES (Colaboración)Corazón sin vida
49%
11 RAZONES (Colaboración)Cuando Te Fuiste
48%
11 RAZONES (Colaboración)ESTUPIDEZ
45%
Spoiler (Sencillo)Nada Sale Mal
45%
11 RAZONESNo Te Has Ido Y Ya Te Extraño
44%
Gala 8Chasing Pavements
43%
SpoilerLas Vegas
43%
SpoilerEl Trece
41%
Spoiler (Trailer)Stupid
41%
Spoiler (Trailer)Mejor Que Tú
40%
Sencillo (Colaboración)Presiento
40%
11 RAZONESSi No Vas A Volver
40%
Gala 12Instruction
39%
SpoilerCristal
38%
Gala 5La revolución sexual
38%
Gala OT FiestaLa revolución sexual
38%
SpoilerBarro y Hielo
37%
SpoilerHold
37%
Gala 12Valerie
37%
Gala 11Lucha de gigantes
35%
Gala 6Let Me Love You
34%
Gala 8Shake It Off
34%
Gala FinalMi gran noche
33%
Gala 10Cheap Thrills
32%
Gala 2Can't Stop the Feeling!
31%
Sencillo (No está en ningún disco)Más De Lo Que Aposté
30%
SpoilerPerdimos La Razón
30%
Gala 11País Tropical
28%
Gala NavidadWalking On Sunshine
28%
Sencillo (No está en ningún disco)Enemigos
26%
Sencillo (Colaboración)Si tú La Quieres
25%
Gala 2Te quiero
25%
Gala 4Eres Tú
24%
Spoiler (Sencillo)Teléfono Remix
24%
Gala 10Solo si es contigo
23%
Gala 3I'm Still Standing
20%
Gala NavidadMi Música Es Tu Voz
20%
Gala 10Resistiré
20%
11 RAZONESX (Por)
19%
Gala 6Ain't No Mountain High Enough
15%
Gala 12Cuéntame
15%
Gala 9Hoy puede ser un gran día
15%
Sencillo + Featuring + ColaboraciónLo Malo Remix
15%
Colaboración (Está en el disco de otra artista)Friend De Semana
14%
Gala 7¿A quién le importa?
10%
Gala OT Fiesta¿A quién le importa?
10%
Sencillo (BSO)Volaré
10%
11 RAZONES÷ (Dividido)
3%

Distribución de puntuación

Porcentaje por número respondido

Porcentaje de gente con cada puntuación

Historial de tus puntuaciones

No has intentado esta prueba.